Southville International School and Colleges
Your cart is empty.
  • Cart
  • Lists
    Public lists Eva Luna New books Lux_list list_1
    Your lists Log in to create your own lists
  • Log in to your account
  • Your cookies
  • Search history
Southville International School and Colleges
  • Advanced search
  • Recent comments
  • Most popular
  • Libraries

Log in to your account

Log in with GOOGLE


If you do not have an external account, but do have a local account, you can still log in:

  1. Home
  2. MARC view: The school of velocity, op. 299.
Normal view MARC view ISBD view

The school of velocity, op. 299. (Record no. 685)

[ view plain ]
MARC details
000 -LEADER
fixed length control field 00799cam a2200265u 4500
001 - CONTROL NUMBER
control field 10035829
003 - CONTROL NUMBER IDENTIFIER
control field OSt
005 - DATE AND TIME OF LATEST TRANSACTION
control field 20140310181636.0
008 - FIXED-LENGTH DATA ELEMENTS--GENERAL INFORMATION
fixed length control field 841120s1893 nyu 000 0 eng
010 ## - LIBRARY OF CONGRESS CONTROL NUMBER
LC control number unk84149193
040 ## - CATALOGING SOURCE
Original cataloging agency DLC
Transcribing agency CarP
Modifying agency DLC
050 00 - LIBRARY OF CONGRESS CALL NUMBER
Classification number MT 225
Item number .V885 1893
082 ## - DEWEY DECIMAL CLASSIFICATION NUMBER
Classification number TR 786.2
Item number V86 1939
100 1# - MAIN ENTRY--PERSONAL NAME
Personal name Czerny, Carl,
Dates associated with a name 1791-1857.
9 (RLIN) 1864
240 00 - UNIFORM TITLE
Uniform title <a href="Schule der Geläufigkeit. [from old catalog]">Schule der Geläufigkeit. [from old catalog]</a>
245 14 - TITLE STATEMENT
Title The school of velocity, op. 299.
260 ## - PUBLICATION, DISTRIBUTION, ETC. (IMPRINT)
Place of publication, distribution, etc New York,
Name of publisher, distributor, etc G. Schirmer,
Date of publication, distribution, etc 1893.
300 ## - PHYSICAL DESCRIPTION
Extent 101 p. :
Dimensions 30 cm.
521 ## - TARGET AUDIENCE NOTE
Target audience note
541 ## - IMMEDIATE SOURCE OF ACQUISITION NOTE
-- 1
562 ## - COPY AND VERSION IDENTIFICATION NOTE
Number of copies For circulation. One copy available in the collection
650 #0 - SUBJECT ADDED ENTRY--TOPICAL TERM
Topical term or geographic name as entry element Piano
Form subdivision Studies and exercises.
9 (RLIN) 1865
906 ## - LOCAL DATA ELEMENT F, LDF (RLIN)
a 0
b cbc
c premunv
d u
e ncip
f 19
g y-gencatlg
942 ## - ADDED ENTRY ELEMENTS (KOHA)
Source of classification or shelving scheme Library of Congress Classification
Koha item type
Call number prefix
Holdings
Withdrawn status Lost status Source of classification or shelving scheme Damaged status Home library Current library Shelving location Date acquired Total Checkouts Full call number Barcode Date last seen Copy number Price effective from Koha item type
    Library of Congress Classification   Luxembourg Library Luxembourg Library Teachers Reference Section 03/17/2012   MT 225 .V885 1893 12772 05/25/2015 1 10/03/2013 Books

The school of velocity, op. 299.

APA

Czerny C., . (1893). The school of velocity, op. 299. New York: G. Schirmer.

Chicago

Czerny Carl, . 1893. The school of velocity, op. 299. New York: G. Schirmer.

Harvard

Czerny C., . (1893). The school of velocity, op. 299. New York: G. Schirmer.

MLA

Czerny Carl, . The school of velocity, op. 299. New York: G. Schirmer. 1893.

  • Place hold
  • Print
  • Cite
  • Add to your cart (remove)
  • Save record
    BIBTEX Dublin Core MARCXML MARC (non-Unicode/MARC-8) MARC (Unicode/UTF-8) MARC (Unicode/UTF-8, Standard) MODS (XML) RIS
  • More searches
    Search for this title in:
    Other Libraries (WorldCat) Other Databases (Google Scholar) Online Stores (Bookfinder.com) Open Library (openlibrary.org)

Exporting to Dublin Core...

SOUTHVILLE LIBRARY

Southville International School and Colleges Library

1281 Tropical Ave. Cor. Luxembourg St., BF Homes International, Las Pinas City

Tel. No. 8256374 / 252358 Loc. 117/146

Powered by Koha